000 00306nam a22001337a 4500
008 170602b xxu||||| |||| 00| 0 eng d
020 _a9780060816988
041 _aeng
080 _a94(100)
100 _a17
101 _aSHH
245 _aA HISTORY OF THE END OF THE WORLD
_cKIRSCH, J
942 _2udc
_cBK
999 _c15657
_d15657